Can structural changes fix the Supreme Court? (Record no. 517960)

000 -LEADER
fixed length control field 01474nam a22001457a 4500
008 - FIXED-LENGTH DATA ELEMENTS--GENERAL INFORMATION
fixed length control field 210806b ||||| |||| 00| 0 eng d
100 ## - MAIN ENTRY--PERSONAL NAME
Personal name Hemel, Daniel
245 ## - TITLE STATEMENT
Title Can structural changes fix the Supreme Court?
260 ## - PUBLICATION, DISTRIBUTION, ETC. (IMPRINT)
Place of publication, distribution, etc The Journal of Economic Perspectives
300 ## - PHYSICAL DESCRIPTION
Extent 35(1), Winter, 2021: p.119-142
520 ## - SUMMARY, ETC.
Summary, etc Proposals for structural changes to the US Supreme Court have attracted attention in recent years amid a perceived “legitimacy crisis” afflicting the institution. This article first assesses whether the court is in fact facing a legitimacy crisis and then considers whether prominent reform proposals are likely to address the institutional weaknesses that reformers aim to resolve. The article concludes that key trends purportedly contributing to the crisis at the court are more ambiguous in their empirical foundations and normative implications than reformers often suggest. It also argues that prominent reform proposals—including term limits, age limits, lottery selection of justices, and explicit partisan balance requirements for court membership—are unlikely to resolve the institutional flaws that proponents perceive. It ends by suggesting a more modest (though novel) reform, which would allocate two lifetime appointments per presidential term and allow the size of the court to fluctuate within bounds. – Reproduced
773 ## - HOST ITEM ENTRY
Main entry heading The Journal of Economic Perspectives
906 ## - LOCAL DATA ELEMENT F, LDF (RLIN)
Subject DIP SUPREME COURT
942 ## - ADDED ENTRY ELEMENTS (KOHA)
Item type Articles
Holdings
Withdrawn status Lost status Source of classification or shelving scheme Damaged status Not for loan Permanent location Current location Date acquired Serial Enumeration / chronology Barcode Date last seen Koha item type
          Indian Institute of Public Administration Indian Institute of Public Administration 2021-08-06 35(1), Winter, 2021: p.119-142 AR125181 2021-08-06 Articles

Powered by Koha